[Event "MEX-ch (Women)"]
[Site "Mexico City"]
[Date "2023.11.12"]
[Round "9"]
[White "Tec Rodas, Sofia Isavelina"]
[Black "Duarte Cramer, Lily Jeanette"]
[Result "1-0"]
[WhiteElo "1675"]
[BlackElo "1212"]
[PlyCount "63"]
[EventDate "2023.11.07"]
[EventType "swiss"]
[EventRounds "9"]
[EventCountry "MEX"]
[SourceTitle "CB47_2023"]
[SourceDate "2023.11.22"]
[SourceVersion "1"]
[SourceVersionDate "2023.11.22"]
[SourceQuality "1"]

1. e4 c5 2. Nf3 d6 3. d4 cxd4 4. Qxd4 Nc6 5. Bb5 Bd7 6. Qd3 Qa5+ 7. Bd2 Nb4 8. Bxd7+ Kxd7 9. Qb3 Nxc2+ 10. Qxc2 Qb5 11. Nc3 Rc8 12. Nxb5 Rxc2 13. Bc3 Nf6 14. Nfd4 Rxc3 15. Nxc3 a6 16. e5 dxe5 17. Nf3 e6 18. Nxe5+ Ke8 19. 0-0-0 Bb4 20. Rd3 g6 21. a3 Bc5 22. Rhd1 Be7 23. h3 Nh5 24. Ne4 f6 25. Rc3 Kf8 26. Rd7 Ng7 27. Rc8+ Ne8 28. Nxf6 Kg7 29. Nxe8+ Kh6 30. Nf7+ Kh5 31. Ng7+ Kh4 32. Rd4# 1-0

[Event "Wch U20 Girls 39th"]
[Site "Mexico City"]
[Date "2023.10.01"]
[Round "11"]
[White "Hernandez Ortega, Carolina"]
[Black "Tec Rodas, Sofia Isavelina"]
[Result "1-0"]
[WhiteElo "1729"]
[BlackElo "1675"]
[PlyCount "108"]
[EventDate "2023.09.21"]
[EventType "swiss"]
[EventRounds "11"]
[EventCountry "MEX"]
[SourceTitle "EXT 2024"]
[Source "ChessBase"]
[SourceDate "2023.10.10"]
[SourceVersion "1"]
[SourceVersionDate "2023.10.10"]
[SourceQuality "1"]

1. e4 e5 2. Nf3 Nc6 3. Bc4 Nf6 4. d3 Be7 5. 0-0 0-0 6. Re1 d6 7. c3 Na5 8. Bb5 a6 9. Ba4 b5 10. Bc2 c5 11. Nbd2 Re8 12. Nf1 h6 13. Ng3 Nc6 14. Be3 d5 15. d4 cxd4 16. cxd4 dxe4 17. dxe5 exf3 18. exf6 Bxf6 19. Qxf3 Bd7 20. Rad1 Ne5 21. Qe4 Ng6 22. Qb7 Nf8 23. Be4 Qe7 24. Qxa8 Rxa8 25. Bxa8 Qb4 26. Ne4 Qxb2 27. Bc5 Be6 28. Nxf6+ Qxf6 29. Bc6 Bg4 30. Rc1 Qxc6 31. Bxf8 Qg6 32. Re8 Kh7 33. Re3 Kg8 34. Rce1 Kh7 35. h3 Be6 36. Rg3 Qc2 37. Bxg7 Qd2 38. Bc3 Qxa2 39. Rg7+ Kh8 40. Rxf7+ Kg8 41. Rf6 Qc4 42. Ba1 Bf7 43. Rxa6 b4 44. Rxh6 Bd5 45. Rg6+ Kf7 46. Rg7+ Kf8 47. Rg4 Qc5 48. Rf4+ Kg8 49. Re3 Kh7 50. Be5 b3 51. Kh2 Qc1 52. Rb4 Kg6 53. Rf4 Kh7 54. Rd4 Bc4 1-0

[Event "Wch U20 Girls 39th"]
[Site "Mexico City"]
[Date "2023.09.27"]
[Round "7"]
[White "Tec Rodas, Sofia Isavelina"]
[Black "Ivan, Reka Gyogyver"]
[Result "0-1"]
[WhiteElo "1675"]
[BlackElo "1857"]
[PlyCount "62"]
[EventDate "2023.09.21"]
[EventType "swiss"]
[EventRounds "11"]
[EventCountry "MEX"]
[SourceTitle "EXT 2024"]
[Source "ChessBase"]
[SourceDate "2023.10.10"]
[SourceVersion "1"]
[SourceVersionDate "2023.10.10"]
[SourceQuality "1"]

1. e4 c6 2. Nc3 d5 3. Nf3 dxe4 4. Nxe4 Nf6 5. Qe2 Nxe4 6. Qxe4 Nd7 7. Bc4 Nf6 8. Ne5 e6 9. Qe2 b5 10. Bd3 Bb7 11. b3 Bd6 12. Bb2 0-0 13. c4 a6 14. 0-0 Qc7 15. Rac1 c5 16. Rfe1 b4 17. Bb1 Rad8 18. Qe3 Rfe8 19. Qh3 h6 20. Re3 Nd7 21. Nxf7 Kxf7 22. Qh5+ Kg8 23. Qg6 Nf8 24. Qg4 Bxh2+ 25. Kf1 Rxd2 26. Ba1 Qf7 27. Re2 Red8 28. Rce1 Bf4 29. f3 Rxe2 30. Kxe2 Bg5 31. Rh1 Qf4 0-1

[Event "Pan American-ch U12 Girls"]
[Site "Guayaquil"]
[Date "2019.07.24"]
[Round "5"]
[White "Amaya Retamozo, Carmen Rebeca"]
[Black "Tec Rodas, Sofia Isavelina"]
[Result "0-1"]
[WhiteElo "1130"]
[BlackElo "1163"]
[PlyCount "60"]
[EventDate "2019.07.21"]
[EventType "swiss"]
[EventRounds "9"]
[EventCountry "ECU"]
[SourceTitle "EXT 2020"]
[Source "ChessBase"]
[SourceDate "2019.10.17"]
[SourceVersion "1"]
[SourceVersionDate "2019.10.17"]
[SourceQuality "1"]

1. e4 e5 2. Nf3 Nc6 3. Bc4 Nf6 4. d3 d5 5. exd5 Nxd5 6. 0-0 Be7 7. Qe2 Bg4 8. Qe4 Nf6 9. Qe3 Bxf3 10. Qxf3 0-0 11. Be3 Bd6 12. a3 Qe7 13. Bg5 Nd4 14. Qd1 e4 15. Bxf6 Qxf6 16. c3 Nf3+ 17. Kh1 Qf4 18. g3 Qh6 19. h4 Qg6 20. Nd2 Qg4 21. Nxf3 exf3 22. Qxf3 Qxf3+ 23. Kh2 Rfe8 24. b4 Re2 25. Ra2 Rxa2 26. Bxa2 Qe2 27. Ra1 Qxf2+ 28. Kh1 Bxg3 29. Bxf7+ Kxf7 30. Ra2 Qf1# 0-1

[Event "Pan American-ch U12 Girls"]
[Site "Guayaquil"]
[Date "2019.07.23"]
[Round "4"]
[White "Tec Rodas, Sofia Isavelina"]
[Black "Villagomez Martinez, Heidy Arelys"]
[Result "1-0"]
[WhiteElo "1163"]
[BlackElo "1287"]
[PlyCount "37"]
[EventDate "2019.07.21"]
[EventType "swiss"]
[EventRounds "9"]
[EventCountry "ECU"]
[SourceTitle "EXT 2020"]
[Source "ChessBase"]
[SourceDate "2019.10.17"]
[SourceVersion "1"]
[SourceVersionDate "2019.10.17"]
[SourceQuality "1"]

1. e4 e5 2. Nf3 Nc6 3. d4 exd4 4. Nxd4 Bc5 5. Nxc6 bxc6 6. Bd3 d6 7. 0-0 Nf6 8. Bg5 0-0 9. Nc3 Rb8 10. Rb1 Be6 11. Kh1 h6 12. Bh4 g5 13. Bg3 Bd4 14. Qd2 Bxc3 15. Qxc3 c5 16. b3 Qe7 17. f4 Bd7 18. Rbe1 Nh5 19. Be2 1-0

[Event "Pan American-ch U12 Girls"]
[Site "Guayaquil"]
[Date "2019.07.22"]
[Round "2"]
[White "Tec Rodas, Sofia Isavelina"]
[Black "Elangovan, Ramya"]
[Result "0-1"]
[WhiteElo "1163"]
[BlackElo "1432"]
[PlyCount "82"]
[EventDate "2019.07.21"]
[EventType "swiss"]
[EventRounds "9"]
[EventCountry "ECU"]
[SourceTitle "EXT 2020"]
[Source "ChessBase"]
[SourceDate "2019.10.17"]
[SourceVersion "1"]
[SourceVersionDate "2019.10.17"]
[SourceQuality "1"]

1. e4 c5 2. d4 cxd4 3. c3 dxc3 4. Nxc3 Nc6 5. Bc4 e6 6. Nf3 Bb4 7. 0-0 Qc7 8. Nb5 Qb8 9. a3 Be7 10. Qe2 a6 11. Nbd4 Nf6 12. Bg5 Nxd4 13. Nxd4 Qe5 14. Bxf6 Bxf6 15. Rfd1 b5 16. Bb3 Bb7 17. Nf3 Qxe4 18. Qd2 Rd8 19. Re1 Qf5 20. Bc2 Qc5 21. b4 Qd5 22. Qxd5 Bxd5 23. Rad1 Bxf3 24. gxf3 Bb2 25. Re3 Rc8 26. Be4 Rc7 27. Rd6 Ra7 28. Rb6 Ke7 29. Rb7 Rxb7 30. Bxb7 Rb8 31. Be4 g6 32. Kf1 f5 33. Bd3 Rc8 34. a4 bxa4 35. Bxa6 Rc1+ 36. Kg2 a3 37. b5 a2 38. b6 a1Q 39. b7 Be5 40. Bb5 Rg1+ 41. Kh3 Rh1 0-1

[Event "Pan American-ch U12 Girls"]
[Site "Guayaquil"]
[Date "2019.07.21"]
[Round "1"]
[White "Soto Huaranca, Adriana"]
[Black "Tec Rodas, Sofia Isavelina"]
[Result "0-1"]
[WhiteElo "1545"]
[BlackElo "1163"]
[PlyCount "62"]
[EventDate "2019.07.21"]
[EventType "swiss"]
[EventRounds "9"]
[EventCountry "ECU"]
[SourceTitle "EXT 2020"]
[Source "ChessBase"]
[SourceDate "2019.10.17"]
[SourceVersion "1"]
[SourceVersionDate "2019.10.17"]
[SourceQuality "1"]

1. d4 d5 2. c4 c6 3. Nf3 Nf6 4. Nc3 dxc4 5. a4 Bf5 6. Ne5 e6 7. f3 Bb4 8. Bg5 0-0 9. e4 Bg6 10. Nxg6 hxg6 11. e5 Re8 12. Bxc4 Qa5 13. 0-0 Nd5 14. Nxd5 cxd5 15. Bb5 Rc8 16. Rc1 Nc6 17. Be3 Ne7 18. g4 Rxc1 19. Bxc1 a6 20. Be2 Nc6 21. Be3 Rc8 22. f4 Qd8 23. f5 gxf5 24. gxf5 f6 25. fxe6 fxe5 26. Bh5 Qh4 27. Bf7+ Kh8 28. Rf5 g6 29. Bf2 Qh6 30. Rf3 Nxd4 31. Re3 Nf5 0-1